Multiplication - Sudden Death - Statistics

General Stats
  • This quiz has been taken 1,240 times
  • The average score is 8 of 15
Answers on the Grid
Answers color-coded by a green-red scale on the quiz's grid according to % correct below.
3 x 4 = 16
8 x 6 = 46
2 x 31 = 62
9 x 5 = 45
4 x 16 = 64
5 x 22 = 110
7 x 9 = 61
12 x 7 = 81
6 x 13 = 78
15 x 2 = 35
37 x 4 = 138
11 x 9 = 91
18 x 5 = 90
10 x 15 = 150
4 x 6 = 26
4 x 8 = 32
19 x 9 = 181
13 x 13 = 169
7 x 5 = 35
3 x 20 = 66
25 x 25 = 625
9 x 2 = 18
2 x 1 = 1
6 x 7 = 42
7 x 3 = 29
14 x 3 = 52
9 x 0 = 1
8 x 7 = 56
9 x 8 = 72
2 x 8 = 19
 
Answer Stats
Answer % Correct
4 x 8 = 32
62%
9 x 2 = 18
62%
9 x 5 = 45
61%
7 x 5 = 35
60%
6 x 7 = 42
59%
10 x 15 = 150
58%
8 x 7 = 56
57%
2 x 31 = 62
56%
9 x 8 = 72
55%
4 x 16 = 64
53%
13 x 13 = 169
49%
5 x 22 = 110
49%
18 x 5 = 90
48%
6 x 13 = 78
44%
25 x 25 = 625
43%
No matching quizzes found
Score Distribution
Percent of People with Each Score
Percentile by Number Answered
Your Score History
You have not taken this quiz